000 00425nam a2200133Ia 4500
008 200918s9999 xx 000 0 und d
020 _a978-621-406-200-3
100 _aPineda, Ariel Dizon
245 _cAriel Dizon Pineda
_aBasic financial management/
260 _aManila:
_bMindshapers Co., Inc.
_c2019
300 _aviii, 223 pages
_c25 cm.
650 _aBusiness enterprises -- Finance
650 _aCorporations -- Finance
999 _c364295
_d364295